00392nam a22001457a 4500003000400000005001700004008004100021020001800062040000900080082001500089100002500104245007900129260002900208300000900237OSt20210224112412.0210224b ||||| |||| 00| 0 eng d a9788174823816 coclc a540bKUL/C aKulshrestha, Hemant  aCSIR-UGC NET/JRF/SET Chemical Sciences /cHemant Kulshrestha ; Ajay Taneja aAgra:bUpakar Prakashan, a720p